[Event "RUS-ch Seniors"]
[Site "Odintsovo"]
[Date "2011.04.22"]
[Round "4"]
[White "Zhelnin, Vladimir V"]
[Black "Khavsky, Sergey V"]
[Result "1/2-1/2"]
[WhiteElo "2434"]
[BlackElo "2318"]
[PlyCount "71"]
[EventDate "2011.04.19"]
[EventType "swiss"]
[EventRounds "9"]
[EventCountry "RUS"]
[SourceTitle "CBM 142 Extra"]
[Source "ChessBase"]
[SourceDate "2011.06.27"]
[SourceVersion "1"]
[SourceVersionDate "2011.06.27"]
[SourceQuality "1"]

1. e4 e5 2. Nf3 Nc6 3. Bb5 a6 4. Ba4 Nf6 5. d3 d6 6. c3 g6 7. 0-0 Bg7 8. Re1 0-0 9. Nbd2 Nd7 10. Nf1 Nc5 11. Bc2 Ne6 12. Ne3 Kh8 13. g3 Ng5 14. Nxg5 Qxg5 15. Nf5 Qf6 16. Nxg7 Qxg7 17. Be3 f5 18. Qd2 f4 19. gxf4 exf4 20. Bxf4 Ne5 21. Bxe5 dxe5 22. Re3 Be6 23. Rg3 Rf4 24. Bb3 Bxb3 25. axb3 Raf8 26. Rf1 c5 27. Qe3 Qe7 28. f3 Qd6 29. Rg2 b6 30. Rd2 Rd8 31. Kf2 Rdf8 32. Ke1 g5 33. d4 exd4 34. cxd4 g4 35. dxc5 Qxc5 36. Qxc5 1/2-1/2

[Event "RUS-ch Seniors"]
[Site "Odintsovo"]
[Date "2011.04.21"]
[Round "3"]
[White "Khavsky, Sergey V"]
[Black "Trofimovsky, Alexander"]
[Result "1-0"]
[WhiteElo "2318"]
[BlackElo "2126"]
[PlyCount "61"]
[EventDate "2011.04.19"]
[EventType "swiss"]
[EventRounds "9"]
[EventCountry "RUS"]
[SourceTitle "CBM 142 Extra"]
[Source "ChessBase"]
[SourceDate "2011.06.27"]
[SourceVersion "1"]
[SourceVersionDate "2011.06.27"]
[SourceQuality "1"]

1. e4 c5 2. Nf3 d6 3. Bb5+ Nd7 4. d4 Ngf6 5. Nc3 cxd4 6. Qxd4 e5 7. Qd3 h6 8. a4 Be7 9. Be3 0-0 10. 0-0 Nb8 11. h3 Be6 12. Bc4 Nc6 13. Bxe6 fxe6 14. Rfd1 Rc8 15. Qb5 Qd7 16. a5 Rfd8 17. Qb3 Kh7 18. Nb5 Nxe4 19. Nxa7 Nxa7 20. Bxa7 Nc5 21. Qe3 Qb5 22. b3 Bf6 23. Bb6 Rd7 24. c4 Qb4 25. Ne1 e4 26. Bxc5 Rxc5 27. Qxe4+ Kh8 28. Nd3 Qc3 29. Nxc5 dxc5 30. Rxd7 Qxa1+ 31. Kh2 1-0

[Event "RUS-ch Seniors"]
[Site "Odintsovo"]
[Date "2011.04.20"]
[Round "2"]
[White "Burkov, German"]
[Black "Khavsky, Sergey V"]
[Result "1/2-1/2"]
[WhiteElo "2178"]
[BlackElo "2318"]
[PlyCount "20"]
[EventDate "2011.04.19"]
[EventType "swiss"]
[EventRounds "9"]
[EventCountry "RUS"]
[SourceTitle "CBM 142 Extra"]
[Source "ChessBase"]
[SourceDate "2011.06.27"]
[SourceVersion "1"]
[SourceVersionDate "2011.06.27"]
[SourceQuality "1"]

1. e4 e6 2. d4 d5 3. exd5 exd5 4. Nf3 Nf6 5. Bg5 Be7 6. Bd3 h6 7. Bxf6 Bxf6 8. 0-0 0-0 9. h3 Re8 10. Re1 Rxe1+ 1/2-1/2

[Event "RUS-ch Seniors"]
[Site "Lesnoj Gorodok"]
[Date "2009.10.05"]
[Round "3"]
[White "Khavsky, Sergey V"]
[Black "Ivanov, Viktor P"]
[Result "1/2-1/2"]
[WhiteElo "2313"]
[BlackElo "2028"]
[PlyCount "43"]
[EventDate "2009.10.03"]
[EventType "swiss"]
[EventRounds "9"]
[EventCountry "RUS"]
[SourceTitle "CBM 132 Extra"]
[Source "ChessBase"]
[SourceDate "2009.11.03"]
[SourceVersion "1"]
[SourceVersionDate "2009.11.03"]
[SourceQuality "1"]

1. e4 e6 2. d4 d5 3. Nc3 Bb4 4. Nge2 dxe4 5. a3 Be7 6. Nxe4 Nf6 7. Qd3 Bd7 8. N2g3 Bc6 9. Bf4 0-0 10. 0-0-0 Nbd7 11. f3 Nxe4 12. fxe4 Bg5 13. Qe3 Bxf4 14. Qxf4 Qf6 15. Qe3 Rfe8 16. Be2 Nf8 17. Nh5 Qe7 18. Qf3 Ng6 19. Bd3 Rad8 20. c3 Ba4 21. Bc2 Bxc2 22. Kxc2 1/2-1/2

[Event "RUS-ch Seniors"]
[Site "Odintsovo"]
[Date "2008.10.02"]
[Round "1"]
[White "Skokov, Boris"]
[Black "Khavsky, Sergey V"]
[Result "1/2-1/2"]
[WhiteElo "2102"]
[BlackElo "2314"]
[PlyCount "56"]
[EventDate "2008.10.02"]
[EventType "swiss"]
[EventRounds "9"]
[EventCountry "RUS"]
[SourceTitle "CBM 127 Extra"]
[Source "ChessBase"]
[SourceDate "2009.01.08"]
[SourceVersion "2"]
[SourceVersionDate "2009.01.28"]
[SourceQuality "1"]

1. e4 e5 2. Nf3 Nc6 3. Bb5 a6 4. Bxc6 dxc6 5. 0-0 f6 6. d4 exd4 7. Nxd4 c5 8. Nb3 Qxd1 9. Rxd1 Bg4 10. f3 Be6 11. Be3 b6 12. Nc3 Ne7 13. Bf4 Rc8 14. Nd5 Nxd5 15. exd5 Bf5 16. Rd2 Kd7 17. Re1 Bd6 18. Bxd6 Kxd6 19. g4 Bd7 20. c4 Rce8 21. Rxe8 Rxe8 22. Kf2 h5 23. h3 f5 24. gxf5 Bxf5 25. h4 Bb1 26. Nc1 b5 27. b3 b4 28. Rb2 Bf5 1/2-1/2

[Event "St Petersburg op"]
[Site "St Petersburg"]
[Date "2008.01.21"]
[Round "8"]
[White "Korchagina, Victoria"]
[Black "Khavsky, Sergey V"]
[Result "1-0"]
[WhiteElo "2182"]
[BlackElo "2322"]
[PlyCount "65"]
[EventDate "2008.01.14"]
[EventType "swiss"]
[EventRounds "9"]
[EventCountry "RUS"]
[SourceTitle "EXT 2009"]
[Source "ChessBase"]
[SourceDate "2008.11.26"]
[SourceVersion "1"]
[SourceVersionDate "2008.11.26"]
[SourceQuality "1"]

1. e4 e5 2. Nf3 Nc6 3. Bb5 a6 4. Ba4 Nf6 5. 0-0 Nxe4 6. d4 b5 7. Bb3 d5 8. dxe5 Be6 9. c3 Bc5 10. Nbd2 0-0 11. Bc2 Bf5 12. Nb3 Bg4 13. Nxc5 Nxc5 14. Bf4 Re8 15. Re1 d4 16. h3 Bh5 17. cxd4 Bxf3 18. Qxf3 Nxd4 19. Qc3 Nce6 20. Rad1 c5 21. Be3 Qh4 22. Bxd4 cxd4 23. Qd3 Rad8 24. Re4 Qg5 25. Rg4 Qxe5 26. Qxh7+ Kf8 27. Re4 Qf6 28. Bb3 g6 29. Bxe6 Rxe6 30. Rxe6 Qxe6 31. Qh8+ Ke7 32. Qh4+ Kf8 33. Qxd8+ 1-0

[Event "St Petersburg op"]
[Site "St Petersburg"]
[Date "2008.01.18"]
[Round "5"]
[White "Khavsky, Sergey V"]
[Black "Solovjova, Valentina"]
[Result "1/2-1/2"]
[WhiteElo "2322"]
[BlackElo "2221"]
[PlyCount "105"]
[EventDate "2008.01.14"]
[EventType "swiss"]
[EventRounds "9"]
[EventCountry "RUS"]
[SourceTitle "EXT 2009"]
[Source "ChessBase"]
[SourceDate "2008.11.26"]
[SourceVersion "1"]
[SourceVersionDate "2008.11.26"]
[SourceQuality "1"]

1. e4 c6 2. d4 d5 3. exd5 cxd5 4. Bd3 Nc6 5. c3 Qc7 6. h3 e6 7. Nf3 Bd6 8. 0-0 Nge7 9. Re1 Bd7 10. a4 f6 11. c4 Nb4 12. c5 Bf4 13. Nc3 a6 14. Bb1 Bxc1 15. Qxc1 g5 16. Na2 Nxa2 17. Rxa2 h5 18. b4 g4 19. Nh4 Kf7 20. hxg4 hxg4 21. g3 Rh5 22. b5 axb5 23. axb5 Rxa2 24. Bxa2 Bxb5 25. Qe3 Bd7 26. Bb1 f5 27. Bc2 Qc8 28. Bd3 Qh8 29. Bb5 Bc8 30. Qf4 Qd8 31. Ra1 Ng6 32. Nxg6 Kxg6 33. Bf1 Bd7 34. Qd6 Qh8 35. Bg2 Qxd4 36. Re1 Rh7 37. Rxe6+ Bxe6 38. Qxe6+ Qf6 39. Qg8+ Rg7 40. Qxd5 Re7 41. Bf1 Qe6 42. Qd4 Rh7 43. Bd3 Qc6 44. Qxg4+ Kh6 45. Bxf5 Rf7 46. Qh4+ Kg7 47. Qg5+ Kf8 48. Qd8+ Kg7 49. Qg5+ Kf8 50. Qd8+ Kg7 51. Qg5+ Kf8 52. Qd8+ Kg7 53. Qg5+ 1/2-1/2

[Event "St Petersburg op"]
[Site "St Petersburg"]
[Date "2008.01.16"]
[Round "3"]
[White "Khavsky, Sergey V"]
[Black "Bronnikova, Elizaveta"]
[Result "1-0"]
[WhiteElo "2322"]
[BlackElo "2289"]
[PlyCount "91"]
[EventDate "2008.01.14"]
[EventType "swiss"]
[EventRounds "9"]
[EventCountry "RUS"]
[SourceTitle "EXT 2009"]
[Source "ChessBase"]
[SourceDate "2008.11.26"]
[SourceVersion "1"]
[SourceVersionDate "2008.11.26"]
[SourceQuality "1"]

1. e4 d6 2. d4 Nf6 3. Nd2 g6 4. Ngf3 Bg7 5. c3 0-0 6. Bc4 c6 7. e5 dxe5 8. dxe5 Nd5 9. 0-0 b5 10. Bb3 Nd7 11. Bxd5 cxd5 12. Qe2 Qb6 13. Nb3 e6 14. Be3 Qc7 15. Bd4 a5 16. Rfe1 Ba6 17. Qd2 Rac8 18. a3 Rfe8 19. Qg5 Nb6 20. h4 Na4 21. Qd2 Ra8 22. h5 Bb7 23. hxg6 fxg6 24. Nc1 Nc5 25. Qe3 Ne4 26. Nd3 h6 27. Nc5 Nxc5 28. Bxc5 Qf7 29. Nd4 Qd7 30. Qd3 Kh7 31. Re3 Ba6 32. b4 a4 33. Rg3 Qf7 34. Rf3 Qd7 35. Re1 Rg8 36. Ree3 Rac8 37. Rg3 Bh8 38. Bd6 Rce8 39. Ref3 Rc8 40. Ne2 Rc4 41. Nd4 Rcc8 42. Rf4 Ra8 43. Rgf3 Ra7 44. Rg4 Qe8 45. Rgf4 Rd7 46. Rf8 1-0

[Event "St Petersburg op"]
[Site "St Petersburg"]
[Date "2008.01.15"]
[Round "2"]
[White "Kuzevanova, Evgenia"]
[Black "Khavsky, Sergey V"]
[Result "1/2-1/2"]
[WhiteElo "2167"]
[BlackElo "2322"]
[PlyCount "57"]
[EventDate "2008.01.14"]
[EventType "swiss"]
[EventRounds "9"]
[EventCountry "RUS"]
[SourceTitle "EXT 2009"]
[Source "ChessBase"]
[SourceDate "2008.11.26"]
[SourceVersion "1"]
[SourceVersionDate "2008.11.26"]
[SourceQuality "1"]

1. e4 e5 2. Nf3 Nc6 3. Bc4 Nf6 4. d3 Bc5 5. c3 d6 6. 0-0 0-0 7. b4 Bb6 8. a4 a5 9. b5 Ne7 10. Bg5 Ng6 11. Nbd2 h6 12. Be3 Bxe3 13. fxe3 d5 14. exd5 Nxd5 15. Bxd5 Qxd5 16. d4 e4 17. c4 Qd8 18. Nxe4 Qe7 19. Nf2 Qxe3 20. Re1 Qf4 21. Ra3 Bf5 22. Rae3 Rad8 23. Nd3 Bxd3 24. Qxd3 Qd6 25. Qf5 Qb4 26. Qc2 Qd6 27. Qf5 Qb4 28. Qc2 Qd6 29. Qf5 1/2-1/2

[Event "St Petersburg op"]
[Site "St Petersburg"]
[Date "2008.01.14"]
[Round "1"]
[White "Khavsky, Sergey V"]
[Black "Lupik, Marina"]
[Result "1-0"]
[WhiteElo "2322"]
[BlackElo "2222"]
[PlyCount "119"]
[EventDate "2008.01.14"]
[EventType "swiss"]
[EventRounds "9"]
[EventCountry "RUS"]
[SourceTitle "EXT 2009"]
[Source "ChessBase"]
[SourceDate "2008.11.26"]
[SourceVersion "1"]
[SourceVersionDate "2008.11.26"]
[SourceQuality "1"]

1. e4 c5 2. Nc3 a6 3. f4 b5 4. Nf3 Bb7 5. d4 cxd4 6. Qxd4 Nc6 7. Qf2 Nf6 8. e5 Ng4 9. Qg3 h5 10. h3 Nh6 11. Qf2 d5 12. Bd3 e6 13. Ne2 Rc8 14. c3 Na5 15. Nfd4 g6 16. 0-0 Qd7 17. Qg3 b4 18. cxb4 Bxb4 19. b3 Bc5 20. Be3 Nc6 21. Nxc6 Bxe3+ 22. Qxe3 Rxc6 23. Nd4 Rc8 24. Rac1 Rxc1 25. Rxc1 0-0 26. Qg3 Kh7 27. Qg5 Rc8 28. Rd1 Nf5 29. Bxf5 exf5 30. Qf6 Re8 31. Rc1 Qe7 32. Qb6 Rc8 33. Rd1 Rc7 34. b4 Rc4 35. a3 Qc7 36. Qxc7 Rxc7 37. Rd3 Kg8 38. Kf2 Kf8 39. Ke3 Ke7 40. Kd2 Rc4 41. g3 f6 42. exf6+ Kxf6 43. h4 Bc8 44. Nb3 Be6 45. Rc3 Rxc3 46. Kxc3 Ke7 47. Nc5 Bc8 48. Kd4 Kd6 49. a4 Kc6 50. Nd3 Kd6 51. Ne5 Bb7 52. b5 axb5 53. axb5 Bc8 54. Nxg6 Bd7 55. b6 Bc8 56. Ne5 Bb7 57. Nd3 Ba6 58. Nc5 Bc4 59. b7 Kc7 60. Ke5 1-0

[Event "RUS-ch Seniors"]
[Site "Zvenigorod"]
[Date "2005.11.29"]
[Round "2"]
[White "Khavsky, Sergey V"]
[Black "Shabanov, Yuri"]
[Result "0-1"]
[WhiteElo "2339"]
[BlackElo "2451"]
[PlyCount "82"]
[EventDate "2005.11.28"]
[EventType "swiss"]
[EventRounds "7"]
[EventCountry "RUS"]
[SourceTitle "EXT 2007"]
[Source "ChessBase"]
[SourceDate "2006.11.23"]
[SourceVersion "1"]
[SourceVersionDate "2006.11.23"]
[SourceQuality "1"]

1. e4 c5 2. Nf3 Nc6 3. d4 cxd4 4. Nxd4 Nf6 5. Nc3 e6 6. Ndb5 Bb4 7. a3 Bxc3+ 8. Nxc3 d5 9. exd5 exd5 10. Bd3 0-0 11. 0-0 d4 12. Ne2 Bg4 13. h3 Bh5 14. Qd2 Re8 15. Nf4 Bg6 16. Nxg6 hxg6 17. b4 Ne4 18. Bxe4 Rxe4 19. Qd3 Qd5 20. c4 Qf5 21. f3 Re7 22. Qxf5 gxf5 23. Bb2 Rd8 24. Rad1 d3 25. Rd2 f6 26. Rfd1 Red7 27. Kf2 f4 28. Re1 Kf7 29. Re4 g5 30. h4 Re7 31. hxg5 Rxe4 32. fxe4 fxg5 33. g3 Ke6 34. gxf4 gxf4 35. Ke1 Ne5 36. Bxe5 Kxe5 37. Rh2 d2+ 38. Kd1 f3 39. c5 Kf4 40. b5 Kg3 41. Rh7 f2 0-1

[Event "RUS-ch Seniors"]
[Site "Zvenigorod"]
[Date "2005.11.28"]
[Round "1"]
[White "Shmallko, Gennady"]
[Black "Khavsky, Sergey V"]
[Result "0-1"]
[WhiteElo "2126"]
[BlackElo "2339"]
[PlyCount "58"]
[EventDate "2005.11.28"]
[EventType "swiss"]
[EventRounds "7"]
[EventCountry "RUS"]
[SourceTitle "EXT 2007"]
[Source "ChessBase"]
[SourceDate "2006.11.23"]
[SourceVersion "1"]
[SourceVersionDate "2006.11.23"]
[SourceQuality "1"]

1. e4 e5 2. Nc3 Nf6 3. f4 d5 4. fxe5 Nxe4 5. Nf3 Bc5 6. Qe2 Bf2+ 7. Kd1 Nxc3+ 8. bxc3 Bb6 9. a4 c5 10. a5 Bc7 11. Qb5+ Nd7 12. d4 0-0 13. a6 Rb8 14. axb7 Rxb7 15. Qe2 cxd4 16. cxd4 Nb6 17. Qf2 Nc4 18. Bg5 Qd7 19. Qh4 h6 20. Bc1 f6 21. exf6 Rxf6 22. Bd3 Qg4 23. Qf2 Bf5 24. h3 Qg6 25. Bxc4 dxc4 26. Qe2 Re6 27. Be3 Rxe3 28. Qxe3 Qxg2 29. Rg1 Qxc2+ 0-1

[Event "RUS-ch Seniors"]
[Site "Tula"]
[Date "2004.05.13"]
[Round "4"]
[White "Zakharov, Alexander V"]
[Black "Khavsky, Sergey V"]
[Result "0-1"]
[WhiteElo "2425"]
[BlackElo "2322"]
[PlyCount "74"]
[EventDate "2004.05.??"]
[EventType "swiss"]
[EventRounds "9"]
[EventCountry "RUS"]
[SourceTitle "EXT 2005"]
[Source "ChessBase"]
[SourceDate "2004.11.15"]
[SourceVersion "1"]
[SourceVersionDate "2004.11.15"]
[SourceQuality "1"]

1. d4 d5 2. c4 c6 3. Nf3 e6 4. cxd5 exd5 5. Qc2 g6 6. Bg5 Be7 7. Bxe7 Qxe7 8. e3 Bf5 9. Qb3 Nf6 10. Nc3 0-0 11. Be2 Ne4 12. Nxe4 dxe4 13. Nd2 Be6 14. Qc3 Bd5 15. 0-0 Nd7 16. b4 f5 17. b5 c5 18. Nb3 cxd4 19. Qxd4 Nb6 20. Rfc1 Rac8 21. g3 Rfd8 22. Rxc8 Rxc8 23. Rd1 Rc2 24. Rd2 Qc7 25. g4 Rxd2 26. Qxd2 fxg4 27. Bxg4 Qe7 28. Bh3 Qg5+ 29. Kh1 Qf6 30. Bg2 Bxb3 31. Bxe4 Bf7 32. Bxb7 Nc4 33. Qe2 Qb2 34. Qxb2 Nxb2 35. a3 Nc4 36. a4 Na5 37. Kg2 Bb3 0-1

[Event "Chigorin Memorial 09th"]
[Site "St Petersburg"]
[Date "2001.10.31"]
[Round "6"]
[White "Khavsky, Sergey V"]
[Black "Kovalevskaya, Ekaterina"]
[Result "1/2-1/2"]
[WhiteElo "2325"]
[BlackElo "2486"]
[PlyCount "35"]
[EventDate "2001.10.26"]
[EventType "swiss"]
[EventRounds "9"]
[EventCountry "RUS"]
[SourceTitle "EXT 2002"]
[Source "ChessBase"]
[SourceDate "2001.11.25"]
[SourceVersion "1"]
[SourceVersionDate "2001.11.25"]
[SourceQuality "1"]

1. e4 c5 2. Nf3 Nc6 3. Nc3 d6 4. d4 cxd4 5. Nxd4 Nf6 6. Bg5 a6 7. Qd2 Nxd4 8. Qxd4 Qa5 9. f4 e5 10. Qd2 Be7 11. 0-0-0 exf4 12. Bxf4 0-0 13. Bc4 Be6 14. Nd5 Qxd2+ 15. Rxd2 Bxd5 16. Bxd5 Nxd5 17. Rxd5 Rfe8 18. Re1 1/2-1/2

[Event "Chigorin Memorial 09th"]
[Site "St Petersburg"]
[Date "2001.10.02"]
[Round "8"]
[White "Lazhevsky, Gleb"]
[Black "Khavsky, Sergey V"]
[Result "0-1"]
[WhiteElo "2240"]
[BlackElo "2325"]
[PlyCount "94"]
[EventDate "2001.10.26"]
[EventType "swiss"]
[EventRounds "9"]
[EventCountry "RUS"]
[SourceTitle "EXT 2002"]
[Source "ChessBase"]
[SourceDate "2001.11.25"]
[SourceVersion "1"]
[SourceVersionDate "2001.11.25"]
[SourceQuality "1"]

1. e4 c5 2. Nf3 Nc6 3. Nc3 g6 4. d4 cxd4 5. Nxd4 Bg7 6. Be3 Nf6 7. f3 0-0 8. Qd2 d5 9. Nxc6 bxc6 10. 0-0-0 Be6 11. exd5 cxd5 12. Bd4 Qa5 13. g4 Rab8 14. h4 h5 15. gxh5 Nxh5 16. Bxg7 Kxg7 17. Qd4+ f6 18. a3 Bf7 19. Nxd5 Rfd8 20. Qc3 Rxd5 21. Qxa5 Rxa5 22. Rd7 Ng3 23. Rg1 Nxf1 24. Rxf1 e5 25. Rfd1 Rab5 26. Rxa7 Rxb2 27. Rdd7 Rb1+ 28. Kd2 Rf8 29. c4 Rb6 30. Rdc7 f5 31. c5 Rf6 32. a4 Rd8+ 33. Ke3 e4 34. f4 Rh8 35. Re7 Rxh4 36. c6 Rh3+ 37. Ke2 Rc3 38. c7 Kf8 39. Rd7 Kg7 40. a5 Kh6 41. Ra8 Rfc6 42. Rxf7 Kh5 43. Rh8+ Kg4 44. a6 Kxf4 45. Rd8 Rc2+ 46. Ke1 Rxa6 47. Kd1 Rac6 0-1

[Event "Chigorin Memorial 09th"]
[Site "St Petersburg"]
[Date "2001.10.01"]
[Round "7"]
[White "Shaposhnikov, Evgeny"]
[Black "Khavsky, Sergey V"]
[Result "1-0"]
[WhiteElo "2542"]
[BlackElo "2325"]
[PlyCount "182"]
[EventDate "2001.10.26"]
[EventType "swiss"]
[EventRounds "9"]
[EventCountry "RUS"]
[SourceTitle "EXT 2002"]
[Source "ChessBase"]
[SourceDate "2001.11.25"]
[SourceVersion "1"]
[SourceVersionDate "2001.11.25"]
[SourceQuality "1"]

1. e4 e5 2. Nf3 Nc6 3. Bc4 Bc5 4. c3 Nf6 5. d3 d6 6. 0-0 a6 7. a4 Ba7 8. a5 0-0 9. Re1 Be6 10. Bg5 Bxc4 11. dxc4 Qe7 12. Nbd2 Qe6 13. Bxf6 Qxf6 14. Nf1 Ne7 15. Ne3 Bxe3 16. Rxe3 Qe6 17. Ra4 Rab8 18. Re2 h6 19. Nd2 Ng6 20. g3 Ne7 21. Nf1 f5 22. exf5 Rxf5 23. Ne3 Rf3 24. Qd2 Qf7 25. c5 dxc5 26. Ng4 Nc6 27. Rae4 Rd8 28. Qc2 Rfd3 29. Nxe5 Nxe5 30. Rxe5 c4 31. Qa4 Rd1+ 32. Kg2 R1d2 33. h4 c6 34. Qb4 Rxe2 35. Rxe2 Qd5+ 36. Kh2 Rf8 37. Qxb7 Qxa5 38. Qxc6 Qb5 39. Qc7 Qd5 40. Qe7 Qd3 41. Qe5 Rf5 42. Qe6+ Kh7 43. Kg1 Rb5 44. Qxa6 Qxe2 45. Qxb5 Qe1+ 46. Kg2 Qe4+ 47. Kh2 Qc2 48. Qb6 Qe2 49. Kg2 Qe4+ 50. f3 Qc2+ 51. Qf2 Qd3 52. g4 Qb1 53. Qe2 Qc1 54. h5 Kh8 55. Kg3 Kh7 56. Qe4+ Kh8 57. Qxc4 Qxb2 58. Qd3 Qb8+ 59. f4 Qe8 60. Qd2 Qe4 61. Kf2 Qh1 62. Qd8+ Kh7 63. Qd3+ Kh8 64. Qf3 Qc1 65. Qe3 Qh1 66. Kg3 Qd5 67. g5 hxg5 68. fxg5 Qd6+ 69. Qf4 Qd3+ 70. Kh4 Qd8 71. Qe5 Qa8 72. Kg3 Qh1 73. h6 Qg1+ 74. Kf3 Qf1+ 75. Ke3 Qg1+ 76. Kd2 Qf2+ 77. Kc1 Qg1+ 78. Kb2 Qf2+ 79. Kb3 Qb6+ 80. Kc4 Qa6+ 81. Kd4 Qb6+ 82. Ke4 Qb1+ 83. Kd4 Qb6+ 84. Qc5 Qd8+ 85. Kc4 gxh6 86. gxh6 Kh7 87. Qc6 Qa5 88. Kb3 Qa1 89. c4 Qb1+ 90. Ka4 Qa2+ 91. Kb5 Qb2+ 1-0

[Event "St Petersburg White Nights op"]
[Site "St Petersburg"]
[Date "1999.??.??"]
[Round "9"]
[White "Khavsky, Sergey V"]
[Black "Sinkevich, Petr"]
[Result "0-1"]
[WhiteElo "2339"]
[BlackElo "2247"]
[PlyCount "70"]
[EventDate "1999.06.??"]
[EventType "swiss"]
[EventRounds "9"]
[EventCountry "RUS"]
[SourceTitle "EXT 2000"]
[Source "ChessBase"]
[SourceDate "1999.11.16"]
[SourceVersion "1"]
[SourceVersionDate "1999.11.16"]
[SourceQuality "1"]

1. e4 c5 2. Nf3 Nc6 3. Nc3 Nf6 4. Bb5 Nd4 5. e5 Nxb5 6. Nxb5 Nd5 7. c4 Nc7 8. Nxc7+ Qxc7 9. 0-0 g6 10. d4 Bg7 11. Bf4 cxd4 12. Qxd4 0-0 13. Rac1 Qa5 14. a3 d6 15. Qe3 dxe5 16. Bxe5 f6 17. Bc3 Qc7 18. Bb4 Rf7 19. Nd4 a5 20. Nb5 Qd8 21. Rfd1 Bd7 22. Bc5 Qc8 23. Bxe7 Bc6 24. Rd8+ Qxd8 25. Bxd8 Rxd8 26. Nc3 Re8 27. Qc5 Rfe7 28. Kf1 a4 29. Rd1 f5 30. Qb4 f4 31. f3 g5 32. Ne4 g4 33. c5 Bxe4 34. fxe4 Rxe4 35. Qxb7 g3 0-1

[Event "RUS-Cup01 Chigorin Memorial"]
[Site "St Petersburg"]
[Date "1996.??.??"]
[Round "5"]
[White "Timoshenko, Georgy"]
[Black "Khavsky, Sergey V"]
[Result "1-0"]
[WhiteElo "2510"]
[BlackElo "2320"]
[PlyCount "71"]
[EventDate "1996.11.??"]
[EventType "swiss"]
[EventRounds "9"]
[EventCountry "RUS"]
[SourceTitle "CBM 056 Extra"]
[Source "ChessBase"]
[SourceDate "1997.03.01"]
[SourceVersion "1"]
[SourceVersionDate "1997.03.01"]
[SourceQuality "1"]

1. e4 e5 2. Nf3 Nc6 3. Bb5 a6 4. Ba4 Nf6 5. 0-0 Nxe4 6. d4 b5 7. Bb3 d5 8. dxe5 Be6 9. Be3 Bc5 10. Qe2 Qe7 11. c3 0-0 12. Re1 Bxe3 13. Qxe3 Rad8 14. Nbd2 Nxd2 15. Qxd2 Na5 16. Bc2 Nc4 17. Qc1 c5 18. b3 Nb6 19. Qf4 h6 20. a3 a5 21. h3 Qc7 22. Rac1 Rfe8 23. Qe3 c4 24. b4 axb4 25. axb4 Bc8 26. Nd4 Nd7 27. f4 Qb6 28. Kh1 Nf8 29. f5 f6 30. e6 Re7 31. Qf4 Bb7 32. Ra1 Bc6 33. Ra5 Be8 34. Rea1 Qb8 35. Qxb8 Rxb8 36. Bd1 1-0

[Event "St Petersburg op2"]
[Site "St Petersburg"]
[Date "1994.??.??"]
[Round "5"]
[White "Agrest, Evgenij"]
[Black "Khavsky, Sergey V"]
[Result "1-0"]
[WhiteElo "2475"]
[BlackElo "2365"]
[PlyCount "129"]
[EventDate "1994.10.??"]
[EventType "swiss"]
[EventRounds "9"]
[EventCountry "RUS"]
[SourceTitle "CBM 043 Extra"]
[Source "ChessBase"]
[SourceDate "1995.01.01"]
[SourceVersion "1"]
[SourceVersionDate "1995.01.01"]
[SourceQuality "1"]

1. d4 d5 2. c4 e6 3. Nc3 Nf6 4. Nf3 c5 5. cxd5 Nxd5 6. e3 Nc6 7. Bd3 Be7 8. 0-0 0-0 9. a3 Nxc3 10. bxc3 b6 11. Bb2 Bb7 12. Qe2 Qd5 13. e4 Qh5 14. h3 Na5 15. Rad1 Rfd8 16. Rfe1 Rac8 17. d5 c4 18. Bb1 exd5 19. exd5 Bc5 20. Qc2 Re8 21. Ng5 Rxe1+ 22. Rxe1 Bxd5 23. Re5 Bb7 24. Nxf7 Qg6 25. Qxg6 hxg6 26. Ng5 Rd8 27. Re1 Bc6 28. Bc1 Nb3 29. Bf4 Re8 30. Rd1 Rf8 31. Bg3 Bxa3 32. Bxg6 Be7 33. h4 a5 34. Re1 Bf6 35. Re6 Rc8 36. Rd6 Be7 37. Rd1 a4 38. Bf7+ Kh8 39. Bxc4 b5 40. Be6 Ra8 41. Nf7+ Kh7 42. Bf5+ g6 43. Bc2 Kg7 44. Ne5 Be8 45. f4 Rd8 46. Bxb3 axb3 47. Rb1 Bf6 48. Rxb3 Rd1+ 49. Kf2 Rd2+ 50. Kf1 Bxe5 51. fxe5 Bc6 52. Bf2 Rc2 53. Ra3 Kf7 54. g4 Ke6 55. Bg3 Rg2 56. Ra6 Rxg3 57. Rxc6+ Kxe5 58. Rxg6 Rxc3 59. h5 b4 60. Rb6 b3 61. g5 Kd4 62. g6 Kc5 63. Rb8 Rg3 64. Kf2 Rg4 65. Rxb3 1-0

[Event "St Petersburg op2"]
[Site "St Petersburg"]
[Date "1994.??.??"]
[Round "4"]
[White "Khavsky, Sergey V"]
[Black "Novik, Maxim"]
[Result "0-1"]
[WhiteElo "2365"]
[BlackElo "2460"]
[PlyCount "84"]
[EventDate "1994.10.??"]
[EventType "swiss"]
[EventRounds "9"]
[EventCountry "RUS"]
[SourceTitle "CBM 043 Extra"]
[Source "ChessBase"]
[SourceDate "1995.01.01"]
[SourceVersion "1"]
[SourceVersionDate "1995.01.01"]
[SourceQuality "1"]

1. e4 c5 2. Nc3 e6 3. Nf3 Nc6 4. Bb5 Nge7 5. 0-0 a6 6. Bxc6 Nxc6 7. d4 cxd4 8. Nxd4 d6 9. Nxc6 bxc6 10. Qg4 Qf6 11. Qg3 Be7 12. b3 Qg6 13. Na4 Bb7 14. Ba3 Qxg3 15. hxg3 f6 16. f4 Rc8 17. Rad1 e5 18. Rd2 h5 19. Rfd1 c5 20. Nc3 h4 21. fxe5 fxe5 22. gxh4 Rxh4 23. Re2 Kf7 24. Nd5 Rch8 25. Rd3 Bxd5 26. Rxd5 Rh1+ 27. Kf2 Ra1 28. c3 Rhh1 29. b4 Bg5 30. Kg3 Raf1 31. Kg4 Rf4+ 32. Kxg5 Rhh4 33. Rxd6 Rhg4+ 34. Kh5 g6+ 35. Rxg6 Rxg6 36. Bc1 Rfg4 37. bxc5 Rxg2 38. Rxg2 Rxg2 39. c6 Ke6 40. c7 Kd7 41. Bg5 Kxc7 42. a3 Kd7 0-1

[Event "URS-chT Army"]
[Site "Simferopol"]
[Date "1990.??.??"]
[Round "?"]
[White "Khavsky, Sergey V"]
[Black "Legky, Nikolay A"]
[Result "1/2-1/2"]
[WhiteElo "2315"]
[BlackElo "2405"]
[PlyCount "49"]
[EventDate "1990.??.??"]
[EventType "team-swiss"]
[EventRounds "9"]
[EventCountry "URS"]
[SourceTitle "EXT 1997"]
[Source "ChessBase"]
[SourceDate "1996.11.15"]
[SourceVersion "1"]
[SourceVersionDate "1996.11.15"]
[SourceQuality "1"]

1. e4 e6 2. d4 d5 3. Nc3 Bb4 4. Bd3 dxe4 5. Bxe4 Nf6 6. Bf3 c5 7. Nge2 Nc6 8. Be3 cxd4 9. Bxc6+ bxc6 10. Qxd4 Qxd4 11. Bxd4 0-0 12. 0-0-0 Re8 13. Bxf6 gxf6 14. Ne4 Be7 15. Nd6 Rd8 16. Nxc8 Raxc8 17. Rxd8+ Rxd8 18. Rd1 Rxd1+ 19. Kxd1 Bc5 20. f3 Kf8 21. Kd2 Ke7 22. Kd3 f5 23. a3 Bd6 24. h3 Be5 25. b4 1/2-1/2